Welcome to the Holygrace Academy Library

Please use search bar below to get started

THREE MEN IN A BOAT (Record no. 3354)

MARC details
000 -LEADER
fixed length control field 00605nam a22001577a 4500
020 ## - INTERNATIONAL STANDARD BOOK NUMBER
ISBN 978-81-8296-428-0
082 ## - DEWEY DECIMAL CLASSIFICATION NUMBER
Classification number 823
Item number JER/T
100 ## - MAIN ENTRY--AUTHOR NAME
Personal name JEROME, K JEROME
245 ## - TITLE STATEMENT
Title THREE MEN IN A BOAT
Remainder of title CLASS IX
250 ## - EDITION STATEMENT
Edition statement FIRST EDITION
260 ## - PUBLICATION, DISTRIBUTION, ETC. (IMPRINT)
Place of publication DELHI
Name of publisher ARYA PUBLISHING COMPANY
Year of publication 2012
300 ## - PHYSICAL DESCRIPTION
Number of Pages 312
520 ## - SUMMARY, ETC.
Summary, etc Three Men in a Boat by Jerome K. Jerome is about three friends and a dog rowing their way along the Thames toward Oxford. The human characters on the boat are George, Harris, and the author, Jerome. The dog, Montmorency, is a rat terrier.
650 ## - SUBJECT ADDED ENTRY--TOPICAL TERM
Topical Term SHORT STORY
Geographic subdivision INDIA
942 ## - ADDED ENTRY ELEMENTS (KOHA)
Koha item type Books
Holdings
Withdrawn status Lost status Collection code Home library Current library Shelving location Date acquired Source of acquisition Full call number Accession Number Koha item type
    Fiction Main Library Main Library SHELF-14G- ALPHABETICAL J,K,L --ENGLISH NOVELS & FICTIONS 19/04/2013 purchase 823 JER/T 07137 Books
    Fiction Main Library Main Library SHELF-14G- ALPHABETICAL J,K,L --ENGLISH NOVELS & FICTIONS 19/04/2013 COMPLEMENTARY COPY 823 JER/T 07609 Books